000 00502nam a22001937a 4500
005 20230201153430.0
008 230201b ||||| |||| 00| 0 eng d
040 _cAL
041 _aEnglish
082 _223
_a658.8
_bVARM
100 _aM M Varma and others
_970534
245 _aMarketing Management
260 _aDelhi
_bKing Books
_c2001
300 _a447 p.
_bPB
_c21x14 cm.
650 _aMarketing
_970535
700 _aVARMA (M M)
_970536
700 _aAGARWAL (R K)
_970537
942 _2ddc
_cDB
999 _c226526
_d226526